Statistics for How Many 2022 World Cup Goals Have They Scored?

Click here to take the quiz!

General Stats

  • This quiz has been taken 110 times
    (96 since last reset)
  • The average score is 6 of 32

Answer Stats

HintAnswer% Correct
Qatar1
49%
Belgium1
26%
Saudi Arabia3
24%
Wales1
23%
France16
23%
Cameroon4
23%
Australia4
21%
Ecuador4
21%
Tunisia1
19%
Mexico2
19%
Costa Rica3
18%
Iran4
18%
Japan5
18%
Switzerland5
18%
Canada2
17%
South Korea5
17%
Senegal5
17%
Germany6
17%
Croatia8
17%
Denmark1
15%
Serbia5
15%
Argentina15
14%
Uruguay2
14%
Portugal12
13%
Morocco6
13%
Brazil8
13%
England13
12%
United States3
12%
Ghana5
12%
Poland3
11%
Netherlands10
10%
Spain9
8%

Score Distribution

Percentile by Number Answered

Percent of People with Each Score

Your Score History

You have not taken this quiz since the last reset